000
00255nam a2200109Ia 4500
008
190902s9999||||xx |||||||||||||| ||und||
100
_a
Ronald W.Hilton
245
0
_a
Managerial Accounting
260
_a
India
_b
S. Chand
_c
2003
300
_a
250
942
_c
BK
999
_c
2666
_d
2666